El libro rojo de las mujeres emprendedoras: alertas y estrategias para el emprendimiento femenino (Registro nro. 7765)
[ vista simple ]
| 000 -Cabecera | |
|---|---|
| Campo de control de longitud fija | 00945nam a22003137a 4500 |
| 005 - Fecha y hora de la última transacción | |
| Campo de control | 20250804121946.0 |
| 008 - Elementos de longitud fija--Información general | |
| Campo de control de longitud fija | 160302b2011 xxu||||| |||| 00| 0 spa d |
| 020 ## - International Standard Book Number | |
| Número Internacional Estándar del Libro (ISBN) | 9788493950729 |
| 041 ## - Idioma | |
| Código de idioma | Español |
| 082 ## - Clasificación Decimal Dewey | |
| Número de clasificación | 658.409.2 F143l |
| 100 ## - Entrada principal--Autor personal | |
| Nombre personal | Facundo Vericat, Guernica |
| 9 (RLIN) | 6251 |
| 245 ## - Título propiamente dicho | |
| Título | El libro rojo de las mujeres emprendedoras: alertas y estrategias para el emprendimiento femenino |
| 260 ## - Pie de imprenta | |
| Lugar de publicación, distribución, etc. | España |
| 260 ## - Pie de imprenta | |
| Nombre del editor, distribuidor, etc. | Libros de Cabecera |
| 260 ## - Pie de imprenta | |
| Fecha de publicación, distribución, etc. | 2011 |
| 300 ## - Descripción física | |
| Extensión | 190 páginas |
| 490 ## - Serie | |
| Título de la Serie | Dirección y Administración de Empresas |
| 650 ## - Materia general | |
| Temática (materia general) | LIDERAZGO EJECUTIVO |
| 650 ## - Materia general | |
| Temática (materia general) | SER O NO SER EMPRENDEDORAS |
| 650 ## - Materia general | |
| Temática (materia general) | MUJER EMPRENDEDORA |
| 650 ## - Materia general | |
| Temática (materia general) | EL PLAN DE EMPRESA NO TIENE SEXO |
| 650 ## - Materia general | |
| Temática (materia general) | EMPRENDEDURISMO |
| 650 ## - Materia general | |
| Temática (materia general) | EMPRENDIMIENTO FEMENINO |
| 650 ## - Materia general | |
| Temática (materia general) | DE EMPRENDEDORA A EMPRESARIA |
| 650 ## - Materia general | |
| Temática (materia general) | EMPRESARIAS |
| 650 ## - Materia general | |
| Temática (materia general) | PLAN DE LA EMPRESA |
| 650 ## - Materia general | |
| Temática (materia general) | FINANCIAMIENTO |
| 942 ## - Punto de acceso adicional KOHA | |
| Tipo de ítem KOHA | Libro |
| Fuente del sistema de clasificación o colocación | Dewey Decimal Classification |
| Signatura completa | Código de barras | Programa Académico | Tipo de ítem |
|---|---|---|---|
| 658.409.2 F143l | 20583 | Dirección y Administración de Empresas | Libro |
| 658.409.2 F143l | 24179 | Dirección y Administración de Empresas | Libro |